logo

TEMPLARIOS EN LOS REINOS DE ESPAÑA LOS | FRANCISCO DE BORJA EL NIETO DEL ESCANDALO (Record no. 39734)

MARC details
000 -CABECERA
campo de control de longitud fija 00822nam a2200313Ia 4500
001 - NÚMERO DE CONTROL
campo de control 28229
005 - FECHA Y HORA DE LA ÚLTIMA TRANSACCIÓN
campo de control 20260407082758.0
008 - CÓDIGOS DE INFORMACIÓN DE LONGITUD FIJA
campo de control de longitud fija 260115s9999 xx 000 0 und d
010 ## - NÚMERO DE CONTROL DE LA BIBLIOTECA DEL CONGRESO
Número de control de LC 39734
035 ## - NÚMERO DE CONTROL DEL SISTEMA
Número de control de sistema 18480
090 ## - LOCALMENTE ASIGNADO TIPO-LC NÚMERO DE CLASIFICACIÓN (OCLC); NÚMERO DE CLASIFICACIÓN LOCAL (RLIN)
Número de clasificación (OCLC) (R) ; Numero de clasificación CALL (RLIN) (NR) 94(460)02:061.2
001 - NÚMERO DE CONTROL
campo de control 20132
008 - CÓDIGOS DE INFORMACIÓN DE LONGITUD FIJA
campo de control de longitud fija 260115s9999 xx 000 0 und d
035 ## - NÚMERO DE CONTROL DEL SISTEMA
Número de control de sistema 13171
090 ## - LOCALMENTE ASIGNADO TIPO-LC NÚMERO DE CLASIFICACIÓN (OCLC); NÚMERO DE CLASIFICACIÓN LOCAL (RLIN)
Número de clasificación (OCLC) (R) ; Numero de clasificación CALL (RLIN) (NR) 860.4
100 ## - PUNTO DE ACCESO PRINCIPAL - NOMBRE DE PERSONA
Nombre de persona MARTINEZ DIEZ GONZALO
100 ## - PUNTO DE ACCESO PRINCIPAL - NOMBRE DE PERSONA
Nombre de persona MARTINEZ ESTERUELAS CRUZ
245 #0 - MENCIÓN DE TÍTULO
Título TEMPLARIOS EN LOS REINOS DE ESPAÑA LOS
260 ## - PUBLICACIÓN, DISTRIBUCIÓN, ETC. (PIE DE IMPRENTA)
Nombre del editor distribuidor etc. PLANETA
Fecha de publicación distribución etc. 2001
245 #0 - MENCIÓN DE TÍTULO
Título FRANCISCO DE BORJA EL NIETO DEL ESCANDALO
260 ## - PUBLICACIÓN, DISTRIBUCIÓN, ETC. (PIE DE IMPRENTA)
Lugar de publicación distribución etc. BARCELONA
Nombre del editor distribuidor etc. PLANETA
Fecha de publicación distribución etc. 1988
300 ## - DESCRIPCIÓN FÍSICA
Dimensiones 23 CM
300 ## - DESCRIPCIÓN FÍSICA
Dimensiones 23 CM
630 ## - PUNTO DE ACCESO ADICIONAL DE MATERIA--TÍTULO UNIFORME
Título uniforme REINOS PENINSULARES
650 ## - PUNTO DE ACCESO ADICIONAL DE MATERIA--TÉRMINO DE MATERIA
Término de materia o nombre geográfico como elemento inicial TEMPLARIOS
630 ## - PUNTO DE ACCESO ADICIONAL DE MATERIA--TÍTULO UNIFORME
Título uniforme LITERATURA HISPANO-LUSA
650 ## - PUNTO DE ACCESO ADICIONAL DE MATERIA--TÉRMINO DE MATERIA
Término de materia o nombre geográfico como elemento inicial LITERATURA ESPAÑOLA ENSAYOS
942 ## - ELEMENTOS DE PUNTO DE ACCESO ADICIONAL (KOHA)
Tipo de ítem Koha Monografías
Holdings
Estado de retiro Estado de pérdida Estado dañado No para préstamo Código de colección Localización permanente Ubicación/localización actual Fecha de adquisición Total de préstamos Signatura topográfica completa Código de barras Fecha visto por última vez Número de copia Precio válido a partir de Tipo de ítem Koha Nota pública
          Servicio de Estudios Históricos Servicio de Estudios Históricos 02/10/2003   94(460)02:061.2 24926 05/02/2026 1 05/02/2026 Monografías 23 CM, 464 PG, 17,50€ BARCELONA